000 01022cab a22001935a 4500
001 L142949
008 080325e20080314xxkd f s 000 0 eng d
035 _a(Sirsi) u142949
041 0 _aeng
100 1 _aTalotta, Roberto
245 0 0 _aCountry focus
_bItaly
260 _c2008
490 0 _aBuilding
_v273(8519) 14 March 2008, 72-74(3)
520 _aFocus on Italy's economy and construction market. Italy's construction market has played a key role in the economy since 1999, with overall growth of around 27% between 1999 and 2007. Although a slowing down is expected, the total value of investments in construction is predicted to rise by 2.3% over 2008. Briefly looks at the Italian economy, construction industry, property market, and the effect of finance legislation on construction activity. Includes key statistics for the Italian construction industry and costs for various buildings.
590 _aKA
651 4 _aItalia = Italy
_y1992-
690 _aBUILT ENVIRONMENT-CONSTRUCTION MARKET
942 _n0
999 _c79986
_d79986